Les défis de l’Église au XXIe siècle, éd. Fr. Strazzari, Saint-Maurice, Saint-Augustin, 2001, 22x14, 198 p., 119 FF. ISBN 2-88011-242-7 (notice n° 1620627)
[ vue normale ]
| 000 -LEADER | |
|---|---|
| fixed length control field | 00546cam a2200133 4500500 |
| 005 - DATE AND TIME OF LATEST TRANSACTION | |
| control field | 20260111091219.0 |
| 041 ## - LANGUAGE CODE | |
| Language code of text/sound track or separate title | fre |
| 042 ## - AUTHENTICATION CODE | |
| Authentication code | dc |
| 245 00 - TITLE STATEMENT | |
| Title | Les défis de l’Église au XXIe siècle, éd. Fr. Strazzari, Saint-Maurice, Saint-Augustin, 2001, 22x14, 198 p., 119 FF. ISBN 2-88011-242-7 |
| 260 ## - PUBLICATION, DISTRIBUTION, ETC. | |
| Date of publication, distribution, etc. | 2005.<br/> |
| 500 ## - GENERAL NOTE | |
| General note | 5 |
| 786 0# - DATA SOURCE ENTRY | |
| Note | Nouvelle revue théologique | 127 | 1 | 2005-01-03 | p. 156l-164l | 0029-4845 |
| 856 41 - ELECTRONIC LOCATION AND ACCESS | |
| Uniform Resource Identifier | <a href="https://shs.cairn.info/revue-nouvelle-revue-theologique-2005-1-page-156l?lang=fr&redirect-ssocas=7080">https://shs.cairn.info/revue-nouvelle-revue-theologique-2005-1-page-156l?lang=fr&redirect-ssocas=7080</a> |
Pas d'exemplaire disponible.




Réseaux sociaux